[Event "XVI Corsicoscacchi A"]
[Site "Corsico ITA"]
[Date "1998.10.04"]
[Round "2"]
[White "Bonazzi, Edoardo"]
[Black "Bressanelli, Roberto"]
[Result "0-1"]
[WhiteElo "1933"]
[BlackElo "2100"]
[PlyCount "60"]
[EventDate "1998.10.03"]

1. e4 e5 2. Nf3 Nc6 3. Nc3 Nf6 4. d4 exd4 5. Nxd4 d6 6. Bb5 Bd7 7. Bxc6 bxc6 8.
Bg5 Be7 9. Qf3 O-O 10. e5 Nd5 11. Bxe7 Qxe7 12. O-O Qxe5 13. Rad1 Nxc3 14. bxc3
c5 15. Rfe1 Qf6 16. Qxf6 gxf6 17. Re7 Rfd8 18. Nb3 Kf8 19. Rde1 Re8 20. Rxe8+
Rxe8 21. Rxe8+ Kxe8 22. Kf1 Bf5 23. Ke2 Bxc2 24. Nd2 Kd7 25. Ke3 Ke6 26. Kf4 d5
27. Nf3 Be4 28. Ne1 Bb1 29. a3 d4 30. cxd4 cxd4 0-1

[Event "XVI Corsicoscacchi A"]
[Site "Corsico ITA"]
[Date "1998.10.04"]
[Round "2"]
[White "Braunberger, Federico"]
[Black "Cazzaniga, Walter"]
[Result "0-1"]
[WhiteElo "2135"]
[BlackElo "2165"]
[PlyCount "66"]
[EventDate "1998.10.03"]

1. Nf3 Nf6 2. b3 g6 3. Bb2 Bg7 4. e3 d6 5. d4 O-O 6. Bd3 Nc6 7. O-O e5 8. Bb5
e4 9. Bxc6 bxc6 10. Nfd2 Qe7 11. c4 Bg4 12. Qe1 Rfe8 13. Na3 Bf5 14. Rc1 h5 15.
c5 d5 16. Rc3 a5 17. Bc1 Bc8 18. f3 Ba6 19. Rf2 exf3 20. gxf3 g5 21. Nc2 g4 22.
e4 dxe4 23. fxe4 Nxe4 24. Nxe4 f5 25. Rxf5 Qxe4 26. Qxe4 Rxe4 27. Rxh5 Rf8 28.
Be3 Rf3 29. Rg5 Kf7 30. Rh5 Be2 31. Bd2 Bd3 32. Rxd3 Rxd3 33. Bxa5 Kg6 0-1

[Event "XVI Corsicoscacchi A"]
[Site "Corsico ITA"]
[Date "1998.10.04"]
[Round "2"]
[White "Castaldo, Folco"]
[Black "Drabke, Lorenz Maximilian"]
[Result "1-0"]
[WhiteElo "2180"]
[BlackElo "1906"]
[PlyCount "57"]
[EventDate "1998.10.03"]

1. e4 c5 2. c3 d6 3. d4 Nf6 4. Bd3 Nc6 5. Nf3 Bg4 6. d5 Nb8 7. h3 Bxf3 8. Qxf3
Nbd7 9. Be3 g6 10. O-O Bg7 11. Nd2 a6 12. a4 Ne5 13. Qe2 Nxd3 14. Qxd3 O-O 15.
a5 Nd7 16. f4 b5 17. axb6 Qxb6 18. Nc4 Qb5 19. Ra5 Qb7 20. Ra2 Qb5 21. Rd1 Rfb8
22. Ra5 Qb7 23. Rda1 Qc8 24. R1a2 Rb5 25. e5 dxe5 26. Nxe5 Nxe5 27. Qxb5 Qf5
28. fxe5 Qb1+ 29. Qf1 1-0

[Event "XVI Corsicoscacchi A"]
[Site "Corsico ITA"]
[Date "1998.10.04"]
[Round "2"]
[White "Gabetto, Flaviano"]
[Black "Mazzini, Antonio"]
[Result "0-1"]
[WhiteElo "2065"]
[BlackElo "1912"]
[PlyCount "59"]
[EventDate "1998.10.03"]

1. e4 c5 2. b4 cxb4 3. d4 d5 4. e5 Nc6 5. a3 Qb6 6. Ne2 Bg4 7. Be3 e6 8. axb4
Bxb4+ 9. c3 Be7 10. Nd2 Nh6 11. h3 Bxe2 12. Bxe2 Nf5 13. Bf4 O-O 14. g4 Nh4 15.
Bg3 f5 16. f4 fxg4 17. hxg4 Ng2+ 18. Kf2 Nxf4 19. Bxf4 Rxf4+ 20. Kg3 Raf8 21.
Bd3 h6 22. Rb1 Qc7 23. Rh5 Bg5 24. Rxg5 hxg5 25. Qh1 g6 26. Qh6 Qf7 27. Rh1
Rxg4+ 28. Kxg4 Qf4+ 29. Kh3 g4+ 30. Kh4 0-1

[Event "XVI Corsicoscacchi A"]
[Site "Corsico ITA"]
[Date "1998.10.04"]
[Round "2"]
[White "Marcoli, Paolo"]
[Black "Valenti, Giuseppe"]
[Result "1/2-1/2"]
[WhiteElo "2130"]
[BlackElo "2200"]
[PlyCount "79"]
[EventDate "1998.10.03"]

1. e4 c5 2. Nf3 e6 3. d4 cxd4 4. Nxd4 a6 5. Bd3 Nf6 6. O-O Qc7 7. c4 Nc6 8.
Nxc6 dxc6 9. f4 Bc5+ 10. Kh1 e5 11. f5 h6 12. Qe2 O-O 13. Nd2 a5 14. Nb3 Be7
15. a4 b6 16. Be3 c5 17. Nd2 Bb7 18. Bc2 Rfd8 19. Qf3 Qc6 20. Rae1 Rd7 21. Re2
Rad8 22. g4 Nh7 23. Nb1 Ng5 24. Bxg5 Bxg5 25. Nc3 Rd4 26. b3 Rd2 27. Nd5 Qd6
28. Rxd2 Bxd2 29. Qd3 Bxd5 30. exd5 Bf4 31. h4 Qf6 32. Qh3 Rd6 33. Be4 Kf8 34.
Kg2 Rd8 35. Kf3 Kg8 36. Rh1 Kf8 37. Ke2 Ke7 38. Qf3 Kf8 39. Qh3 Ke7 40. Qf3
1/2-1/2

[Event "XVI Corsicoscacchi A"]
[Site "Corsico ITA"]
[Date "1998.10.04"]
[Round "2"]
[White "Mieli, Marcello"]
[Black "Aglietti, Graziano"]
[Result "0-1"]
[WhiteElo "1795"]
[BlackElo "2055"]
[PlyCount "78"]
[EventDate "1998.10.03"]

1. d4 Nf6 2. Nf3 g6 3. Bg5 Bg7 4. Nbd2 d5 5. e3 O-O 6. Bd3 c5 7. c3 Nbd7 8. O-O
Re8 9. Re1 Qb6 10. Qb1 e5 11. Nxe5 Nxe5 12. dxe5 Rxe5 13. Bf4 Re8 14. h3 Bd7
15. e4 dxe4 16. Nxe4 Nxe4 17. Bxe4 Ba4 18. Be3 Rad8 19. Bc2 Bc6 20. Bb3 Be4 21.
Bc2 Bd5 22. Bb3 Be4 23. Bc2 Bc6 24. Bb3 a5 25. Rd1 a4 26. Rxd8 Qxd8 27. Bd1 Bh6
28. Bxa4 Bxe3 29. Bxc6 Bxf2+ 30. Kxf2 bxc6 31. Qc2 Qh4+ 32. Kg1 g5 33. Qf2 Qh5
34. Qxc5 Re2 35. b4 Qh4 36. a4 g4 37. Qd4 Re1+ 38. Rxe1 Qxe1+ 39. Kh2 g3# 0-1

[Event "XVI Corsicoscacchi A"]
[Site "Corsico ITA"]
[Date "1998.10.04"]
[Round "2"]
[White "Murgia, Andrea"]
[Black "Mascheroni, Maurizio"]
[Result "1-0"]
[WhiteElo "2140"]
[BlackElo "2025"]
[PlyCount "85"]
[EventDate "1998.10.03"]

1. e4 d6 2. d4 Nf6 3. Nc3 g6 4. Nf3 Bg7 5. Be2 O-O 6. O-O Bg4 7. Be3 Nbd7 8. h3
Bxf3 9. Bxf3 c6 10. Qd2 e5 11. dxe5 dxe5 12. Rad1 Re8 13. Be2 Nb6 14. Qxd8
Raxd8 15. a4 Nc8 16. Rd3 Rxd3 17. Bxd3 Rd8 18. g3 a6 19. a5 Nd6 20. Kg2 Nb5 21.
Nxb5 cxb5 22. f4 Ne8 23. f5 gxf5 24. exf5 Nf6 25. Bg5 Rd4 26. Re1 Nd5 27. Be4
f6 28. Bc1 b4 29. c3 bxc3 30. bxc3 Nxc3 31. Bxb7 Ra4 32. Bxa6 Rxa5 33. Bc4+ Kf8
34. Bb2 Nd5 35. Kf3 Nb6 36. Be6 Ke8 37. Rc1 Rb5 38. Ba3 e4+ 39. Kxe4 Re5+ 40.
Kf3 Bh6 41. Rc3 Bd2 42. Rb3 Nd7 43. Bxd7+ 1-0

[Event "XVI Corsicoscacchi A"]
[Site "Corsico ITA"]
[Date "1998.10.04"]
[Round "2"]
[White "Pulito, Alberto"]
[Black "Barberi, Alessandro"]
[Result "0-1"]
[WhiteElo "1774"]
[BlackElo "2160"]
[PlyCount "78"]
[EventDate "1998.10.03"]

1. e4 c5 2. c3 Nf6 3. e5 Nd5 4. d4 cxd4 5. Nf3 Nc6 6. cxd4 d6 7. Bc4 Nb6 8. Bb3
d5 9. h3 Bf5 10. O-O e6 11. Nc3 Be7 12. Be3 O-O 13. Ne1 f6 14. f4 fxe5 15. fxe5
Na5 16. Nf3 Nbc4 17. Qe2 Rc8 18. Rac1 Qe8 19. Bc2 Nxe3 20. Qxe3 Nc4 21. Qe2
Bxc2 22. Rxc2 Qg6 23. b3 Ne3 24. Qxe3 Qxc2 25. Rc1 Qg6 26. Kh1 Rc6 27. Nb5 Rfc8
28. Rxc6 Rxc6 29. a4 Qe4 30. Qf2 a6 31. Na7 Rc1+ 32. Kh2 Rc2 33. Qg3 h5 34. h4
Qg4 35. Qxg4 hxg4 36. Ng5 Bxg5 37. hxg5 Kf7 38. Kg3 Kg6 39. Kxg4 b6 0-1

[Event "XVI Corsicoscacchi A"]
[Site "Corsico ITA"]
[Date "1998.10.04"]
[Round "3"]
[White "Aglietti, Graziano"]
[Black "Pulito, Alberto"]
[Result "1-0"]
[WhiteElo "2055"]
[BlackElo "1774"]
[PlyCount "67"]
[EventDate "1998.10.03"]

1. e4 e6 2. d4 d5 3. e5 c5 4. c3 Nc6 5. Nf3 Qb6 6. Bd3 Bd7 7. O-O cxd4 8. cxd4
Nb4 9. Be2 Bb5 10. Nc3 Bxe2 11. Qxe2 Ne7 12. a3 Na6 13. Nb5 Ng6 14. h4 Nc7 15.
Nxc7+ Qxc7 16. Bd2 Be7 17. h5 Nf8 18. Rac1 Qb6 19. Rc2 Nd7 20. Rfc1 Rd8 21. b4
a6 22. Be3 Nb8 23. Nd2 Nc6 24. Qg4 g6 25. Nb3 Rg8 26. hxg6 Rxg6 27. Qh5 h6 28.
Nc5 Ra8 29. Nxb7 Nxd4 30. Na5 Bg5 31. Rc8+ Rxc8 32. Rxc8+ Ke7 33. Rc3 Bxe3 34.
fxe3 1-0

[Event "XVI Corsicoscacchi A"]
[Site "Corsico ITA"]
[Date "1998.10.04"]
[Round "3"]
[White "Barberi, Alessandro"]
[Black "Barlocco, Carlo"]
[Result "1-0"]
[WhiteElo "2160"]
[BlackElo "2215"]
[PlyCount "107"]
[EventDate "1998.10.03"]

1. d4 d5 2. c4 e6 3. Nc3 c5 4. Nf3 cxd4 5. Qxd4 Nc6 6. Qd1 d4 7. Nb1 e5 8. e4
Nf6 9. Bd3 h6 10. h3 Bd6 11. a3 a5 12. b3 Be6 13. Qc2 Qe7 14. O-O O-O 15. Re1
Nd7 16. Ra2 Nc5 17. Nbd2 Rfc8 18. Qb1 Ra6 19. Bf1 Rb6 20. Rb2 Nd7 21. Ra2 Nf8
22. Rd1 g5 23. g3 f6 24. Ne1 Qf7 25. Qd3 Nd7 26. Qc2 Nc5 27. Nd3 Nxb3 28. Nxb3
Bxc4 29. Ndc5 Bxb3 30. Nxb3 Ne7 31. Nxa5 Rxc2 32. Rxc2 Kg7 33. Nc4 Rc6 34. Nxd6
Rxd6 35. Rc7 Kg6 36. a4 Qb3 37. Rd3 Qb1 38. Ba3 Re6 39. Bxe7 Rc6 40. Rxc6 bxc6
41. Rf3 f5 42. Rxf5 Qxe4 43. Rf6+ Kg7 44. a5 c5 45. a6 d3 46. a7 Qb7 47. Bxd3
Qxa7 48. Rg6+ Kf7 49. Bd6 Qa1+ 50. Kg2 c4 51. Bf5 Qd4 52. h4 g4 53. h5 Qd5+ 54.
Kh2 1-0

[Event "XVI Corsicoscacchi A"]
[Site "Corsico ITA"]
[Date "1998.10.04"]
[Round "3"]
[White "Bonazzi, Edoardo"]
[Black "Mieli, Marcello"]
[Result "1-0"]
[WhiteElo "1933"]
[BlackElo "1795"]
[PlyCount "85"]
[EventDate "1998.10.03"]

1. e4 c5 2. c3 d6 3. d4 Nf6 4. Bd3 Nc6 5. Ne2 e6 6. O-O a6 7. Bg5 Be7 8. Nd2 b5
9. Nf3 Qc7 10. Ng3 Bb7 11. Qe2 h6 12. Bxf6 Bxf6 13. Nh5 e5 14. d5 Ne7 15. b3
Ng6 16. g3 Qd7 17. Kg2 Qg4 18. Ng1 Qxe2 19. Nxe2 Nf8 20. a4 b4 21. cxb4 cxb4
22. Rac1 Nd7 23. Nxf6+ gxf6 24. Rc2 Nc5 25. Nc1 f5 26. f3 Kd7 27. Re2 Rhf8 28.
Bc4 Rac8 29. Nd3 Nxd3 30. Bxd3 Rc3 31. Bc4 fxe4 32. fxe4 a5 33. Rf6 Rh8 34.
Rxf7+ Kc8 35. Ref2 h5 36. R2f3 Rxf3 37. Kxf3 Kb8 38. Bb5 Rc8 39. Bc4 Ka7 40.
Rf6 Rc7 41. Rxd6 Rxc4 42. bxc4 b3 43. c5 1-0

[Event "XVI Corsicoscacchi A"]
[Site "Corsico ITA"]
[Date "1998.10.04"]
[Round "3"]
[White "Bressanelli, Roberto"]
[Black "Mazzini, Antonio"]
[Result "1/2-1/2"]
[WhiteElo "2100"]
[BlackElo "1912"]
[PlyCount "82"]
[EventDate "1998.10.03"]

1. d4 Nf6 2. Bg5 g6 3. Bxf6 exf6 4. Nf3 Bg7 5. c3 d6 6. e3 Nd7 7. Nbd2 Nb6 8.
Bd3 f5 9. O-O O-O 10. Qc2 Bd7 11. Rfe1 Re8 12. e4 fxe4 13. Rxe4 Qf6 14. Rae1
Bc6 15. Rxe8+ Rxe8 16. Be4 d5 17. Bd3 Rxe1+ 18. Nxe1 Ba4 19. b3 Bd7 20. Ndf3
Be6 21. Ne5 Qe7 22. f4 c5 23. f5 cxd4 24. cxd4 Bxe5 25. dxe5 Bxf5 26. Qe2 Bxd3
27. Nxd3 Nd7 28. h3 Nc5 29. Nf4 Nd7 30. Nd3 f6 31. Qf3 Nxe5 32. Qxd5+ Kg7 33.
Nf4 Qb4 34. Ne6+ Kh6 35. Kh2 Qb6 36. Nd8 Nc6 37. Nf7+ Kg7 38. Qd7 Nb8 39. Qe7
Nc6 40. Qd7 Nb8 41. Qe7 Nc6 1/2-1/2

[Event "XVI Corsicoscacchi A"]
[Site "Corsico ITA"]
[Date "1998.10.04"]
[Round "3"]
[White "Cazzaniga, Walter"]
[Black "Marcoli, Paolo"]
[Result "1/2-1/2"]
[WhiteElo "2165"]
[BlackElo "2130"]
[PlyCount "86"]
[EventDate "1998.10.03"]

1. d4 Nf6 2. c4 g6 3. Nc3 Bg7 4. e4 d6 5. Nf3 O-O 6. Be2 e5 7. Be3 Nc6 8. d5
Ne7 9. Nd2 Ne8 10. c5 f5 11. f3 Kh8 12. Nc4 Ng8 13. Qd2 Bh6 14. Bxh6 Qh4+ 15.
g3 Qxh6 16. Qxh6 Nxh6 17. cxd6 cxd6 18. Nb5 Nf7 19. h4 fxe4 20. fxe4 Bd7 21. a4
Bxb5 22. axb5 Nf6 23. Bf3 Rfc8 24. b3 Rc5 25. b6 a5 26. O-O Kg7 27. Ra4 Rb5 28.
Bg4 Nxe4 29. Be6 Nd8 30. Rf3 Nc5 31. Nxd6 Rxb6 32. Ne8+ Kh6 33. Nc7 Ra7 34. Rc4
e4 35. Rf4 Ndxe6 36. dxe6 Nxe6 37. Rf6 Rxb3 38. Nxe6 Rxg3+ 39. Kh2 Rf3 40. Rxf3
exf3 41. Rc3 f2 42. Kg2 f1=Q+ 43. Kxf1 Kh5 1/2-1/2

[Event "XVI Corsicoscacchi A"]
[Site "Corsico ITA"]
[Date "1998.10.04"]
[Round "3"]
[White "Drabke, Lorenz Maximilian"]
[Black "Braunberger, Federico"]
[Result "1-0"]
[WhiteElo "1906"]
[BlackElo "2135"]
[PlyCount "137"]
[EventDate "1998.10.03"]

1. e4 c5 2. Nf3 e6 3. d4 cxd4 4. Nxd4 Nf6 5. Nc3 Nc6 6. Ndb5 Bb4 7. a3 Bxc3+ 8.
Nxc3 d5 9. exd5 exd5 10. Bg5 O-O 11. Be2 h6 12. Bxf6 Qxf6 13. O-O d4 14. Ne4
Qf4 15. Bd3 b6 16. Qd2 Qxd2 17. Nxd2 Be6 18. Rfe1 Rfd8 19. Kf1 Rac8 20. Nc4 Kf8
21. Ke2 Ne7 22. Ne5 Nd5 23. g3 Rc5 24. Kd2 Ne7 25. Ng6+ Nxg6 26. Bxg6 Rdc8 27.
Bd3 g5 28. Re4 Bf5 29. Re2 Be6 30. Rae1 g4 31. Re5 Kg7 32. Rxc5 Rxc5 33. Re4
Rh5 34. Rxd4 Rxh2 35. Ke3 Rh1 36. Ra4 a5 37. Rd4 Re1+ 38. Kf4 Rb1 39. b3 Rb2
40. Rd6 b5 41. Rb6 Ra2 42. Rxb5 Rxa3 43. Bf5 Ra2 44. Bxe6 fxe6 45. Rc5 a4 46.
bxa4 Rxa4+ 47. Ke5 Ra6 48. Rc4 h5 49. c3 Ra2 50. Rf4 Re2+ 51. Kd6 Rc2 52. c4
Kg6 53. Kxe6 Re2+ 54. Kd5 Kg5 55. Rf8 Rd2+ 56. Ke4 Re2+ 57. Kd3 Re5 58. Kd4 Re2
59. c5 h4 60. Rg8+ Kh5 61. Rh8+ Kg6 62. Rxh4 Rxf2 63. Rxg4+ Kh5 64. Rg8 Kh6 65.
c6 Rc2 66. Kd5 Kh7 67. Rg4 Kh6 68. Rc4 Rd2+ 69. Ke6 1-0

[Event "XVI Corsicoscacchi A"]
[Site "Corsico ITA"]
[Date "1998.10.04"]
[Round "3"]
[White "Facchetti, Gianni"]
[Black "Gabetto, Flaviano"]
[Result "1-0"]
[WhiteElo "2120"]
[BlackElo "2065"]
[PlyCount "76"]
[EventDate "1998.10.03"]

1. e4 e5 2. Nf3 Nc6 3. c3 d5 4. Bb5 dxe4 5. Nxe5 Qg5 6. d4 Qxg2 7. Rf1 Bh3 8.
Nxc6 bxc6 9. Bxc6+ Kd8 10. Nd2 Rb8 11. Bxe4 Qg5 12. Rh1 Qh4 13. Qf3 Nf6 14. Bf5
Bxf5 15. Qxf5 Bd6 16. Nc4 Re8+ 17. Kd1 Ne4 18. Be3 g6 19. Qf3 f5 20. Kc2 Qe7
21. Rae1 Qf7 22. b3 Qd5 23. Bf4 a5 24. Bxd6 cxd6 25. Rhf1 a4 26. Qd3 axb3+ 27.
axb3 Rxb3 28. Kxb3 Nc5+ 29. dxc5 Qxd3 30. Rd1 Qe2 31. Nxd6 Rg8 32. Nc4+ Kc7 33.
Rfe1 Rb8+ 34. Nb6 Qb5+ 35. Kc2 Qxc5 36. Nd5+ Kc6 37. Re6+ Kd7 38. Nf4+ Kc8 1-0

[Event "XVI Corsicoscacchi A"]
[Site "Corsico ITA"]
[Date "1998.10.04"]
[Round "3"]
[White "Mascheroni, Maurizio"]
[Black "Bemporad, Filippo"]
[Result "0-1"]
[WhiteElo "2025"]
[BlackElo "2050"]
[PlyCount "84"]
[EventDate "1998.10.03"]

1. e4 c5 2. Nf3 d6 3. d3 Nc6 4. g3 g6 5. Bg2 Bg7 6. O-O Nf6 7. c3 O-O 8. Re1
Qc7 9. h3 b5 10. Bg5 h6 11. Be3 Bb7 12. Nh2 e6 13. Ng4 Nxg4 14. Qxg4 Kh7 15. f4
f5 16. Qe2 b4 17. e5 Rfe8 18. d4 cxd4 19. cxd4 d5 20. Nd2 Qb6 21. Nf3 a5 22.
Rac1 Bf8 23. g4 Be7 24. Red1 b3 25. a3 a4 26. Qf2 Na5 27. Bf1 Ba6 28. Bxa6 Qxa6
29. Bd2 Nc4 30. Bc3 Rec8 31. Nd2 Rc6 32. Nxc4 Rxc4 33. Qf1 Rac8 34. Bd2 Qb6 35.
Be3 Rc2 36. Qd3 R8c4 37. Rb1 Qb5 38. Rd2 Qb6 39. Rdd1 Bh4 40. Rdc1 Bf2+ 41. Kf1
Bxe3 42. Qxe3 Qxd4 0-1

[Event "XVI Corsicoscacchi A"]
[Site "Corsico ITA"]
[Date "1998.10.04"]
[Round "3"]
[White "Valenti, Giuseppe"]
[Black "Castaldo, Folco"]
[Result "0-1"]
[WhiteElo "2200"]
[BlackElo "2180"]
[PlyCount "94"]
[EventDate "1998.10.03"]

1. e4 e6 2. d4 d5 3. Nd2 c5 4. exd5 Qxd5 5. Ngf3 cxd4 6. Bc4 Qd6 7. O-O Nf6 8.
Nb3 Nc6 9. Nbxd4 Nxd4 10. Qxd4 Qxd4 11. Nxd4 Bd7 12. Bf4 Rc8 13. Bb3 Bc5 14.
Rad1 O-O 15. Rfe1 Rfd8 16. c3 Be8 17. Nf3 Bc6 18. Ne5 Bd5 19. Bxd5 Nxd5 20. Bc1
a5 21. Nd3 Be7 22. Nf4 Nxf4 23. Bxf4 Bf6 24. Kf1 a4 25. a3 g5 26. Rxd8+ Rxd8
27. Be5 Be7 28. Ke2 Rd5 29. Bd4 e5 30. Kd3 f6 31. Kc4 Rd6 32. Be3 Kf7 33. Kb5
Ra6 34. Rd1 Ke6 35. Bc5 Bxc5 36. Kxc5 f5 37. Kb5 e4 38. Rd8 f4 39. Re8+ Kf5 40.
Rd8 Kf6 41. Re8 Re6 42. Rf8+ Ke5 43. Kxa4 e3 44. fxe3 fxe3 45. Rf1 Ke4 46. Kb3
e2 47. Re1 Kd3 0-1

[Event "XVI Corsicoscacchi A"]
[Site "Corsico ITA"]
[Date "1998.10.04"]
[Round "3"]
[White "Vita, Fabrizio"]
[Black "Murgia, Andrea"]
[Result "1-0"]
[WhiteElo "2135"]
[BlackElo "2140"]
[PlyCount "71"]
[EventDate "1998.10.03"]

1. c4 f5 2. g3 Nf6 3. Bg2 g6 4. Nf3 Bg7 5. O-O O-O 6. d4 d6 7. b3 c6 8. Bb2 Na6
9. Nc3 Bd7 10. Re1 h6 11. e4 fxe4 12. Nxe4 Nxe4 13. Rxe4 Bf5 14. Re3 g5 15. Qd2
e6 16. h3 Qd7 17. Rae1 Nc7 18. Ba3 b6 19. Kh2 Rad8 20. Bb2 Qf7 21. Ng1 g4 22.
Bxc6 h5 23. R3e2 Qg6 24. Be4 Bh6 25. Qc2 Rd7 26. Bxf5 Rxf5 27. h4 Rdf7 28. Kg2
Qf6 29. c5 Nd5 30. cxd6 Be3 31. d7 Rxf2+ 32. Rxf2 Qxf2+ 33. Qxf2 Rxf2+ 34. Kh1
Rf8 35. Bc1 Bxd4 36. Rxe6 1-0

[Event "XVI Corsicoscacchi A"]
[Site "Corsico ITA"]
[Date "1998.10.10"]
[Round "4"]
[White "Barlocco, Carlo"]
[Black "Aglietti, Graziano"]
[Result "1-0"]
[WhiteElo "2215"]
[BlackElo "2055"]
[PlyCount "63"]
[EventDate "1998.10.03"]

1. d4 Nf6 2. Nf3 d5 3. Bf4 c5 4. e3 Bg4 5. c4 Nc6 6. Nc3 cxd4 7. exd4 Bxf3 8.
Qxf3 e6 9. O-O-O Rc8 10. Kb1 Be7 11. g4 O-O 12. g5 Ne4 13. Nxe4 dxe4 14. Qxe4
Bxg5 15. Bd3 g6 16. Bxg5 Qxg5 17. h4 Qf6 18. h5 Nxd4 19. hxg6 hxg6 20. Rh3 Kg7
21. Rg1 Rh8 22. Rhg3 Nf5 23. Rg5 Rh2 24. Qxb7 Ne7 25. Rxg6+ fxg6 26. Rxg6+ Qxg6
27. Bxg6 Kf6 28. Qf3+ Nf5 29. Bxf5 exf5 30. Qc3+ Kf7 31. Qd4 Rc7 32. Qd5+ 1-0

[Event "XVI Corsicoscacchi A"]
[Site "Corsico ITA"]
[Date "1998.10.10"]
[Round "4"]
[White "Drabke, Lorenz Maximilian"]
[Black "Cazzaniga, Walter"]
[Result "1-0"]
[WhiteElo "1906"]
[BlackElo "2165"]
[PlyCount "74"]
[EventDate "1998.10.03"]

1. e4 e6 2. d4 d5 3. exd5 exd5 4. Nf3 Nc6 5. Bf4 Bg4 6. Be2 Bd6 7. Bxd6 Qxd6 8.
c3 Nge7 9. Ne5 Nxe5 10. Bxg4 N5g6 11. Nd2 Nf4 12. O-O h5 13. Bf3 O-O-O 14. g3
Nh3+ 15. Kg2 Qd7 16. Bxh5 g5 17. Bg4 Nf4+ 18. gxf4 f5 19. Be2 Ng6 20. Rh1 Nxf4+
21. Kg1 Rde8 22. Bf1 g4 23. Nb3 Nh3+ 24. Bxh3 gxh3 25. Qd3 Qg7+ 26. Qg3 Qe7 27.
Qe3 Qd7 28. Qd3 Qe6 29. Kf1 Rhg8 30. Rg1 f4 31. Rxg8 Rxg8 32. Re1 Qg4 33. Re5
Qg2+ 34. Ke2 Qxh2 35. Qh7 f3+ 36. Ke3 Rf8 37. Qh6 Rg8 1-0

[Event "XVI Corsicoscacchi A"]
[Site "Corsico ITA"]
[Date "1998.10.10"]
[Round "4"]
[White "Mazzini, Antonio"]
[Black "Facchetti, Gianni"]
[Result "1/2-1/2"]
[WhiteElo "1912"]
[BlackElo "2120"]
[PlyCount "133"]
[EventDate "1998.10.03"]

1. d4 Nf6 2. Nf3 d6 3. c4 Nbd7 4. Nc3 e5 5. e4 Be7 6. Be2 c6 7. O-O Qc7 8. h3
Nf8 9. Be3 Ng6 10. d5 O-O 11. b4 Nd7 12. Rc1 a6 13. Na4 cxd5 14. cxd5 Qd8 15.
Qd2 b5 16. Nb2 Nf6 17. Bd3 Bd7 18. Kh2 Qb8 19. Rc2 Rc8 20. Rfc1 Rxc2 21. Qxc2
Bd8 22. Nd1 h6 23. g3 Qb7 24. Qd2 Rc8 25. Rc3 Rxc3 26. Qxc3 Ne7 27. Nd2 Bc8 28.
Qc2 Qd7 29. Bf1 Nh7 30. f4 exf4 31. Bxf4 g5 32. Be3 Ng6 33. Nf2 Ne5 34. Nd3
Nxd3 35. Qxd3 Bf6 36. Nb3 Be5 37. Bd4 f6 38. Qc3 Nf8 39. Bxe5 fxe5 40. Na5 Qf7
41. Kg1 Qa7+ 42. Kg2 Bd7 43. Be2 Kg7 44. Nc6 Qc7 45. a4 bxa4 46. Bxa6 Nh7 47.
Bf1 Nf6 48. Qc2 a3 49. b5 Qc8 50. Kh2 Qa8 51. Bc4 Be8 52. Ne7 Bg6 53. Nxg6 Kxg6
54. b6 Nd7 55. Bb5 a2 56. Qf2 Nf6 57. Bc6 a1=Q 58. Bxa8 Qxa8 59. Qc2 Qa6 60.
Qc7 Qe2+ 61. Kg1 Qxe4 62. b7 Qb1+ 63. Kh2 Qb2+ 64. Kh1 Qa1+ 65. Kh2 Qb2+ 66.
Kh1 Qb1+ 67. Kh2 1/2-1/2

[Event "XVI Corsicoscacchi A"]
[Site "Corsico ITA"]
[Date "1998.10.11"]
[Round "5"]
[White "Aglietti, Graziano"]
[Black "Murgia, Andrea"]
[Result "1-0"]
[WhiteElo "2055"]
[BlackElo "2140"]
[PlyCount "91"]
[EventDate "1998.10.03"]

1. e4 e5 2. Nf3 Nc6 3. Bc4 Nf6 4. Ng5 d5 5. exd5 Na5 6. Bb5+ c6 7. dxc6 bxc6 8.
Qf3 h6 9. Ne4 Nd5 10. Ba4 Be7 11. Nbc3 Be6 12. d3 Qc7 13. Nxd5 Bxd5 14. Bd2 O-O
15. Qg3 Kh7 16. Bc3 f6 17. O-O c5 18. Bb3 Nxb3 19. axb3 Qb7 20. Rfe1 Rae8 21.
Ra5 Rc8 22. h4 Rc7 23. Ra4 Ra8 24. Rea1 Bf8 25. h5 Bf7 26. Qf3 Qc8 27. Ra6 Kh8
28. Ng3 Rd7 29. Nf5 Bd5 30. Qe3 Bb7 31. R6a4 Qc6 32. Rg4 a6 33. Qg3 Qe6 34. Nh4
Bd6 35. Rg6 Rc8 36. Re1 Bf8 37. Qe3 Rf7 38. Rg3 Bd6 39. Rg6 Kh7 40. Bd2 Bf8 41.
Qg3 Rd7 42. Bc3 Bd6 43. f4 Qd5 44. Rxh6+ Kg8 45. Qg6 Qf7 46. Qh7+ 1-0

[Event "XVI Corsicoscacchi A"]
[Site "Corsico ITA"]
[Date "1998.10.11"]
[Round "5"]
[White "Barlocco, Carlo"]
[Black "Castaldo, Folco"]
[Result "1-0"]
[WhiteElo "2215"]
[BlackElo "2180"]
[PlyCount "105"]
[EventDate "1998.10.03"]

1. d4 e6 2. Nf3 Nf6 3. g3 b6 4. Bg2 Bb7 5. O-O Be7 6. c4 O-O 7. Nc3 Ne4 8. Qc2
Nxc3 9. bxc3 f5 10. d5 c5 11. dxe6 dxe6 12. Rd1 Qc8 13. Bf4 Nc6 14. e4 Bf6 15.
exf5 exf5 16. Ng5 Bxg5 17. Bd5+ Kh8 18. Bxg5 Ne5 19. Qe2 Re8 20. Re1 Bxd5 21.
cxd5 Nf7 22. Be7 Rb8 23. Rad1 Rb7 24. Qa6 Rd7 25. Qxc8 Rxc8 26. c4 h6 27. Re6
Kg8 28. a4 Re8 29. Rde1 Nd8 30. Bxd8 Rexd8 31. h4 Rf7 32. Kg2 Rb7 33. h5 a6 34.
Rb1 Rdb8 35. Rc6 b5 36. axb5 axb5 37. Rxc5 bxc4 38. Rxb7 Rxb7 39. Rxc4 Rd7 40.
Rc5 Kf7 41. Kf3 Ke7 42. Ke3 Kd6 43. Kd4 Re7 44. Rc6+ Kd7 45. Rg6 Re4+ 46. Kc5
Re7 47. f4 Rf7 48. Ra6 Kc8 49. d6 Kb7 50. Rb6+ Kc8 51. Kc6 Rf6 52. Rb5 g5 53.
hxg6 1-0

[Event "XVI Corsicoscacchi A"]
[Site "Corsico ITA"]
[Date "1998.10.11"]
[Round "5"]
[White "Facchetti, Gianni"]
[Black "Marcoli, Paolo"]
[Result "0-1"]
[WhiteElo "2120"]
[BlackElo "2130"]
[PlyCount "88"]
[EventDate "1998.10.03"]

1. e4 c5 2. Nf3 Nc6 3. Bc4 e6 4. O-O a6 5. Re1 g6 6. c3 Nge7 7. e5 d5 8. exd6
Qxd6 9. Bf1 Bg7 10. d3 O-O 11. Nbd2 Qc7 12. a4 b6 13. Nc4 Bb7 14. Qb3 Nd5 15.
Ng5 Ne5 16. Nxe5 Bxe5 17. h4 Bh2+ 18. Kh1 Bf4 19. Qc2 Nf6 20. Nh3 Bd6 21. Qd2
Ng4 22. f3 Nf6 23. Qh6 Rfe8 24. Qg5 Nh5 25. Bd2 Be7 26. Qh6 Bxh4 27. Ng5 f6 28.
Nxe6 Qf7 29. d4 Bxe1 30. Rxe1 Rxe6 31. Ra1 Ng3+ 32. Kg1 Nxf1 33. Kxf1 Rae8 34.
dxc5 bxc5 35. c4 Qd7 36. Bc3 Qd3+ 37. Kg1 Qxc4 38. Rd1 Qxa4 39. Qd2 Kg7 40. Rc1
Qh4 41. Qd7+ R8e7 42. Qd8 Qg3 43. Kf1 Re2 44. Bxf6+ Kf7 0-1

[Event "XVI Corsicoscacchi A"]
[Site "Corsico ITA"]
[Date "1998.10.11"]
[Round "5"]
[White "Gabetto, Flaviano"]
[Black "Pulito, Alberto"]
[Result "0-1"]
[WhiteElo "2065"]
[BlackElo "1774"]
[PlyCount "108"]
[EventDate "1998.10.03"]

1. e4 e6 2. Nf3 d5 3. e5 c5 4. b4 cxb4 5. a3 Nc6 6. axb4 Qc7 7. d4 Bxb4+ 8. c3
Be7 9. Na3 Qd8 10. Nb5 a6 11. Bg5 f6 12. Bf4 g5 13. Bd2 Rb8 14. Na3 g4 15. exf6
Bxf6 16. Ne5 Nxe5 17. dxe5 Bxe5 18. Bd3 Qc7 19. O-O Nf6 20. Rc1 Bxh2+ 21. Kh1
Bd6 22. c4 Qf7 23. g3 Bd7 24. c5 Be5 25. Nc2 Rf8 26. Kg2 Rc8 27. Rb1 Bc6 28.
Nb4 Bd7 29. Qe2 Bb8 30. c6 Bxc6 31. Nxc6 Rxc6 32. Rfc1 Qd7 33. Rxc6 Qxc6 34.
Rc1 Qd7 35. Bb4 Rf7 36. Qe3 Rg7 37. Bc3 Rf7 38. Qg5 Qe7 39. Be5 Bxe5 40. Qxe5
Rf8 41. Rc8+ Kf7 42. Rc7 Nd7 43. Qh5+ Kg8 44. Bxh7+ Qxh7 45. Qxh7+ Kxh7 46.
Rxd7+ Kg6 47. Rxb7 Ra8 48. Rb6 Kf5 49. Kf1 a5 50. Ke2 a4 51. Kd3 a3 52. Rb1 a2
53. Ra1 e5 54. Kc2 d4 0-1

[Event "XVI Corsicoscacchi A"]
[Site "Corsico ITA"]
[Date "1998.10.11"]
[Round "5"]
[White "Mascheroni, Maurizio"]
[Black "Bonazzi, Edoardo"]
[Result "1/2-1/2"]
[WhiteElo "2025"]
[BlackElo "1933"]
[PlyCount "27"]
[EventDate "1998.10.03"]

1. e4 e5 2. Nf3 d6 3. d4 exd4 4. Nxd4 g6 5. Bc4 Bg7 6. O-O Nc6 7. Be3 Nf6 8.
Nxc6 bxc6 9. Nc3 O-O 10. Bb3 Re8 11. Bg5 h6 12. Bxf6 Qxf6 13. Qd2 Rb8 14. Rfe1
1/2-1/2